000 00873nam a2200253Ia 4500
003 OSt
005 20221005104414.0
006 a|||||r|||| 00| 0
007 ta
008 221004b |||||||| |||| 00| 0 hin d
020 _a9788126317172 (hbk)
_c160
024 _a105731
037 _b0/00971-D5, 18/03/2011, Bharatiya Gyanpith
_cTextual
040 _aCRL
_cCRL
_bhin
041 _2hin
_ahin
082 _aO152,1N50x, P9
100 _aशुक्ल, दिनेश कुमार
245 0 _aआखर अरथ
246 _aĀkhar aratha
260 _aदिल्ली
_bभारतीय ज्ञानपीठ भारत
_c2009
300 _a188पृ0
_ccm.
942 _hO152,1N50x, P9
_cTEXL
_2cc
999 _c1012619
_d1012619